000 01094nam a2200229 i 4500
001 154178
003 ES-MaACL
005 20250826070628.0
008 990727s1891 fr |||| | fre d
040 _aCCPB | B
_bspa
_cCCPB | B
100 1 _aCaubet, Léo.
_9126401
245 1 4 _aLes conditions du travail dans le Royaume-Uni de Grande-Bretagne et d'Irlande
_b: rapport adressé au Ministre des Affaires Étrangères /
_cpar M. Léo Caubet.
260 _aParis ;
_aNancy :
_bBerger-Levrault et Cie,
_c1891.
300 _a133, [3] p. ;
_c23 cm.
490 1 _aRecueil de rapports sur les conditions du travail dans les pays étrangers adressés au Ministre des affaires étrangeres
596 _aMarca del ed. en port.
597 _aAntep.
650 7 _aTrabajo-
_zGran Bretaña
_2
_9161261
830 0 _aRecueil de rapports sur les conditions du travail dans les pays étrangers adressés au Ministre des affaires étrangeres
_9187853
852 _aES-MaACL
_jG-10806(5)
_z-- Enc. pasta española conservando la original
_z-- Donativo de Azcárate
999 _c154178
_d154178